| 000 | 00614nam a2200193 i 4500 | ||
|---|---|---|---|
| 001 | 119092 | ||
| 003 | ES-MaACL | ||
| 005 | 20250804062617.0 | ||
| 007 | t| | ||
| 008 | 070214s1972 sp |||| | spa d | ||
| 100 | 1 |
_aPérez Galdós, Benito, _d1843-1920 _990871 |
|
| 245 | 1 | 0 |
_aEnsayos de crítica literaria / _cBenito Pérez Galdós ; introducción de Laureano Benet. |
| 260 |
_aBarcelona : _bPenínsula, _c1972. |
||
| 300 |
_a226 p. ; _c19 cm. |
||
| 650 | 4 |
_aLiteratura- _yS.XIX- _xHistoria y crítica. _9142386 |
|
| 700 | 1 |
_aBenet, Laureano. _927540 |
|
| 852 |
_aES-MaACL _jC-42843 |
||
| 999 |
_c119092 _d119092 |
||